00443nam a2200145Ia 4500008004100000020001800041041000800059082001700067100002100084245008300105250000600188260006400194300001200258650002700270210716s2013 xx 000 0 und d a9788189866990 aeng a660.282 KARM aKarkare, Manasi. aNanotechnology: fundamentals and applications.bFundamentals and applications. a1 aNew DelhibI K International Publishing House Pvt Ltdc2013 axvi,236 aNano Technology(620.5)